El instructor y su tarea: normas básicas para el adiestramiento técnico
Uloženo v:
| Hlavní autor: | |
|---|---|
| Médium: | Kniha |
| Jazyk: | španělština |
| Vydáno: |
Buenos Aires
Troquel
1966
|
| Témata: | |
| Tagy: |
Přidat tag
Žádné tagy, Buďte první, kdo vytvoří štítek k tomuto záznamu!
|
MARC
| LEADER | 00000nam a2200000 a 4500 | ||
|---|---|---|---|
| 001 | UCU0410 | ||
| 003 | CL-VaPUC | ||
| 008 | 960322e19660000AG |||||||||||||||||spa|d | ||
| 082 | 0 | 4 | |a 371.27 |b ROS |2 21 |
| 100 | 0 | |a Rose, Homer C |e author |9 355541 | |
| 245 | 1 | 3 | |a El instructor y su tarea: normas básicas para el adiestramiento técnico |
| 300 | |a 279 p | ||
| 942 | |c BK | ||
| 945 | |d 19960322 00:00:00 |a cmena | ||
| 260 | |a Buenos Aires |b Troquel |c 1966 | ||
| 650 | 0 | |a Evaluación |9 271902 | |
| 650 | 0 | |a Evaluación de la educación |9 237505 | |
| 650 | 7 | |a TESTS |2 CL-VaPUC |9 309359 | |
| 650 | 0 | |a Currículo |9 307290 | |
| 650 | 0 | |a Métodos de aprendizaje |9 334464 | |
| 650 | 0 | |a Exámenes |9 340201 | |
| 650 | 7 | |a MEDICION EDUCACIONAL |2 CL-VaPUC |9 343534 | |
| 583 | |a last modification |c 19960322 00:00:00 |k Rodrigo Vera | ||
| 999 | |c 245266 |d 245264 | ||